00986nam a2200301 i 4500001001000000003000900010005001700019007000300036008004100039040003000080041000800110082001900118100004100137245005100178264004300229300002900272336002700301337003300328338002800361586004000389590002500429650002200454650002600476910000700502942001400509952014400523999001700667000006100DO-SdBNP20250731094154.0ta250531s2002 dr 000 0 spa d aDO-SdBNPbspacBNPHUerda hspa axxxbA816d222 aAsensio Solaz, Eugenioeautor98845710aLa danza de la lluvia /cEugenio Asensio Solaz aSanto Domingo :bCasa de Teatro,c2002 a333 páginas. ;c22 cm. ardacontentbtexto2txt ardamediabsin mediación2n ardacarrierbvolumen2nc aPremio internacional de teatro 2002 aInventariado,2025/DG 4aTeatro dominicano 4aLiteratura dominicana aDG 2ddccLBS1 00102ddc51708PDaBNPHUbBNPHUcCTd2025-07-31edonaciónl0oBNPHU PD A816dp2025-7612r2025-07-31w2025-07-31yLBS1zMonica Despradel c59691d59691